Effectif AS Monaco 2025/2026 - Statistiques

Statistiques générales
  • Ce quiz a été pris 411 fois
    59 depuis la dernière actualisation
  • Le résultat moyen est 24 sur 29
Statistiques - réponses
Poste Numéro Pays Joueur % Correct
MIL 10 Russie Aleksandr Golovin
100%
MIL 6 Suisse Denis Zakaria
100%
ATT 9 Etats-Unis Folarin Balogun
100%
ATT 11 France Maghnes Akliouche
98%
ATT 18 Japon Takumi Minamino
98%
DEF 2 Brésil Vanderson
96%
DEF 3 Angleterre Eric Dier
94%
MIL 15 Sénégal Lamine Camara
94%
ATT 14 Danemark Mika Biereth
92%
DEF 5 Allemagne Thilo Kehrer
92%
DEF 12 Brésil Caio Henrique
90%
G 1 Finlande Lukas Hradecky
90%
G 16 Suisse Philipp Köhn
88%
ATT 31 Espagne Ansu Fati
86%
DEF 4 Pays-bas Jordan Teze
86%
DEF 22 Ghana Mohammed Salisu
84%
MIL 8 France Paul Pogba
84%
ATT 27 Sénégal Krépin Diatta
80%
COACH - Belgique Sébastien Pocognoli
78%
ATT 24 Côte d'Ivoire Simon Adingra
76%
G 50 France Yann Liénard
76%
DEF 13 France Christian Mawissa
73%
MIL 28 France Mamadou Coulibaly
73%
ATT 29 Allemagne Paris Brunner
73%
DEF 25 Belgique Wout Faes
69%
MIL 23 France Aladji Bamba
65%
DEF 20 France Kassoum Ouatarra
53%
MIL 17 Belgique Stanis Idumbo
49%
G 40 France Jules Stawiecki
35%
Aucun quiz correspondant
Distribution des résultats
% des personnes avec chaque résultat
Percentile par nombre de réponses
Votre historique - résultats
Vous n’avez pas pris ce quiz depuis la dernière actualisation